00671nai a2200169Ia 4500003000900000008004100009022002200050022002300072040001600095245005800111260008600169310001200255362003100267521006900298650004600367856008800413IN-BaIIA211028c9999 xx s 000 0 eng d a0098-4094 (Print) a1558-1276 (Online) cIIA Library 0aIEEE Transactions on Circuits and Systemsh[eJournal] aNew York, USAbThe Institute of Electrical and Electronics Engineers, Inc. (IEEE) aMonthly a21(1); 1974 - 38(12); 1991 bSubscribed through National Knowledge Resource Consortium (NKRC) aComponents, Circuits, Devices and Systems uhttps://ieeexplore.ieee.org/servlet/opac?punumber=31yClick Here to Access eJournal